| 000 | 01071nac a22003011u 4500 | ||
|---|---|---|---|
| 003 | EG-ScBUE | ||
| 005 | 20211123123801.0 | ||
| 008 | 121104s2006 ua a f 000 0bara d | ||
| 017 | _a2004 / 17152 | ||
| 020 | _a977091133X | ||
| 040 |
_aEG-ScBUE _bara _erda _cEG-ScBUE _dEG-ScBUE |
||
| 082 | 0 | 4 |
_a892.78609 _bن ق ا _222 |
| 100 | 1 |
_aالنقاش، رجاء، _d1934-2008، _eمؤلف. _915308 |
|
| 245 |
_aفي حب نجيب محفوظ / _cرجاء النقاش. |
||
| 250 |
_aالطبعة الثانية، _bمزيدة. |
||
| 264 | 1 |
_aالقاهرة : _bدار الشروق، _c2006. |
|
| 300 |
_a352 صفحة ؛ _bإيضاحيات ؛ _c24 سم |
||
| 336 |
_2rdacontent _aنص _btxt |
||
| 337 |
_2rdamedia _aبدون وسيط _bn |
||
| 338 |
_2rdacarrier _aمجلد _bnc |
||
| 500 | _aيشتمل على ملاحق. | ||
| 600 | 1 | 7 |
_aمحفوظ، نجيب، _d1911-2006. _2BUEsh _931242 |
| 650 | 7 |
_aالأدباء العرب _zمصر _vتراجم. _2BUEsh _917363 |
|
| 651 | _2BUEsh | ||
| 653 |
_bARALIT _cNovember2021 |
||
| 655 |
_vReading book _934232 |
||
| 942 |
_cBB _2ddc |
||
| 999 |
_c5690 _d5690 |
||